<?xml version="1.0" encoding="UTF-8"?>
<collection xmlns="http://www.loc.gov/MARC21/slim">
 <record>
  <leader>01929nam a2200193Ia 4500</leader>
  <controlfield tag="001">CTU_156798</controlfield>
  <controlfield tag="008">210402s9999    xx            000 0 und d</controlfield>
  <datafield tag="020" ind1=" " ind2=" ">
   <subfield code="c">193</subfield>
  </datafield>
  <datafield tag="082" ind1=" " ind2=" ">
   <subfield code="a">539.7</subfield>
  </datafield>
  <datafield tag="082" ind1=" " ind2=" ">
   <subfield code="b">P963</subfield>
  </datafield>
  <datafield tag="245" ind1=" " ind2="0">
   <subfield code="a">Proceedings of the third meeting on CPT and lorentz symmetry, Bloomington, USA, 4-7 August 2004</subfield>
  </datafield>
  <datafield tag="245" ind1=" " ind2="0">
   <subfield code="c">editor, V. Alan Kostelecky</subfield>
  </datafield>
  <datafield tag="260" ind1=" " ind2=" ">
   <subfield code="a">Hackensack, N.J.</subfield>
  </datafield>
  <datafield tag="260" ind1=" " ind2=" ">
   <subfield code="b">World Scientific</subfield>
  </datafield>
  <datafield tag="260" ind1=" " ind2=" ">
   <subfield code="c">2005</subfield>
  </datafield>
  <datafield tag="520" ind1=" " ind2=" ">
   <subfield code="a">orentz and CPT invariance is a feature of the Standard Model of particle physics and of theories of gravity such as Einstein's general relativity. However, an underlying theory such as strings may introduce small violations of Lorentz and CPT symmetry. This book consists of reviews from about 50 experts in the field, covering theoretical and experimental studies of these relativity-violating effects. It comprises the Proceedings of the Third Meeting on CPT and Lorentz Symmetry, held at Indiana University in Bloomington. The Meeting focused on recent developments involving fundamental spacetime symmetries and included theoretical scenarios and experimental searches for possible relativity violations. Experimental subjects covered include resonant-cavity and interferometric behavior of photons, oscillations of neutrinos and neutral mesons, clock-comparison measurements on the Earth and in space, astrophysical observations, tests with macroscopic matter, spectroscopy of hydrogen and antihydrogen, studies of particle properties and behavior, and gravitational tests. Theoretical topics covered include physical effects at the level of the Standard Model and beyond, the possible origins and mechanisms for Lorentz and CPT violations, and associated issues in particle physics, field theory, gravity, and string theory.</subfield>
  </datafield>
  <datafield tag="650" ind1=" " ind2=" ">
   <subfield code="a">CP violation (Nuclear physics),Lorentz groups</subfield>
  </datafield>
  <datafield tag="904" ind1=" " ind2=" ">
   <subfield code="i">Bạch Trúc</subfield>
  </datafield>
  <datafield tag="980" ind1=" " ind2=" ">
   <subfield code="a">Trung tâm Học liệu Trường Đại học Cần Thơ</subfield>
  </datafield>
 </record>
</collection>
